000
00203nam a2200085 4500
001
1257571
005
20260217104047.0
245
_a
parpat dağı'nın esrarı
_c
gülten dayıoğlu
260
_b
altın kitaplar
999
_c
1257571
_d
1257571